Yearbook of Asian affairs 2006 (Record no. 493531)

000 -LEADER
fixed length control field 00452cam a22001457a 4500
008 - FIXED-LENGTH DATA ELEMENTS--GENERAL INFORMATION
fixed length control field 180718b2007 xxu||||| |||| 00| 0 eng d
020 ## - INTERNATIONAL STANDARD BOOK NUMBER
International Standard Book Number 4258270057
082 ## - DEWEY DECIMAL CLASSIFICATION NUMBER
Classification number A84x5 J533
245 ## - TITLE STATEMENT
Title Yearbook of Asian affairs 2006
Statement of responsibility, etc. by Institute of Developing Economies
260 ## - PUBLICATION, DISTRIBUTION, ETC.
Place of publication, distribution, etc. Japan
Name of publisher, distributor, etc. The author
Date of publication, distribution, etc. 2007
300 ## - PHYSICAL DESCRIPTION
Extent 588p.
650 ## - SUBJECT ADDED ENTRY--TOPICAL TERM
Topical term or geographic name entry element Asia --Economic conditions --Periodicals
650 ## - SUBJECT ADDED ENTRY--TOPICAL TERM
Topical term or geographic name entry element Asia --Periodicals
700 ## - ADDED ENTRY--PERSONAL NAME
Personal name Institute of Developing Economies
Holdings
Withdrawn status Lost status Damaged status Not for loan Permanent Location Current Location Date acquired Full call number Barcode Date last seen Price effective from Koha item type
        Indian Institute of Public Administration Indian Institute of Public Administration 2018-08-04 A84x5 J533 GR17914 2018-08-04 2018-08-04 GR

Powered by Koha